| 000 | 00966nam0a2200277 4500 | ||
|---|---|---|---|
| 001 | RU\NLR\BIBL_A\011730094 | ||
| 005 | 20250626120135.0 | ||
| 010 | _916000 | ||
| 035 | _a(NLR Aleph) 011730094 | ||
| 090 |
_a13417255 _c13417255 |
||
| 100 | _a20180609d1950 |||y0rusy50 ca | ||
| 101 | 0 | _achv | |
| 102 | _aRU | ||
| 105 | _aac z 000 y | ||
| 200 | 1 |
_aТăван литература _eVI кл.валли _eхрестомати _fМ. Я. Сироткин |
|
| 205 | _a5-мěш изд. | ||
| 210 |
_aШупашкар _cЧăваш АССР Гос. изд-ви _d1950 |
||
| 215 |
_a284,[3] с. _cил., портр. _d22 |
||
| 300 | _aАвт. на обл. не указан | ||
| 541 | 1 |
_aРодная литература _eхрестоматия для 6-го кл. |
|
| 686 | 1 | _aШ5(2=Чув.) я72 | |
| 700 | 1 |
_aСироткин _bМ. Я. _f1908-1970 _gМихаил Яковлевич |
|
| 852 |
_aNLR _bОНЛ _jЧув./3-825 |
||
| 942 | _cBOOK | ||
| 980 | _aNB | ||